| 000 | 00731nam a2200169 a 4500 | ||
|---|---|---|---|
| 008 | 180626s2018 ||||||||||||||||| || u | ||
| 050 | _aADB(05)ASJ/2018/20 | ||
| 245 | 0 | 0 |
_aAfrican statistical journal _cby African Development Bank [ADB] |
| 260 |
_aAbijan _bAfrican Development Bank (ADB) _c2018 |
||
| 300 | _a193 pages: illustrations | ||
| 490 | _avol. 20 - Februay 2018 | ||
| 650 | _aAFRICA--STATISTICS--PERIODICALS | ||
| 650 | _aAFRICAN STATISTICS--GOVERNANCE--PEACE--SECURITY | ||
| 650 | _aCONSUMER PRICE INDICES | ||
| 650 | _aPURCHASING POWER PARITY | ||
| 995 |
_FCBU-MAIN LIBRARY (Kitwe) _M1 _UAVAILABLE _WJun 26, 2018 _XAfrican Development Bank _ZInternational Publications |
||
| 999 |
_c33799 _d33799 |
||